The potential of conservation covenants (Record no. 108727)
[ view plain ]
| 000 -LEADER | |
|---|---|
| fixed length control field | 02401cad a22002415a 4500 |
| 001 - CONTROL NUMBER | |
| control field | L145208 |
| 008 - FIXED-LENGTH DATA ELEMENTS--GENERAL INFORMATION | |
| fixed length control field | 080916s2008 xxkd f s 000 0 eng d |
| 035 ## - SYSTEM CONTROL NUMBER | |
| System control number | (Sirsi) u145208 |
| 041 0# - LANGUAGE CODE | |
| Language code of text/sound track or separate title | eng |
| 050 04 - LIBRARY OF CONGRESS CALL NUMBER | |
| Classification number | 711.52 $2 18 |
| 110 2# - MAIN ENTRY--CORPORATE NAME | |
| Corporate name or jurisdiction name as entry element | Green Balance |
| 9 (RLIN) | 519 |
| 245 04 - TITLE STATEMENT | |
| Title | The potential of conservation covenants |
| Medium | [electronic resource] |
| 300 ## - PHYSICAL DESCRIPTION | |
| Extent | [S.l.] |
| Other physical details | National Trust |
| Dimensions | 2008 |
| 505 2# - FORMATTED CONTENTS NOTE | |
| Formatted contents note | Purposes -- Introduction: covenants mean different things to different people; key features; selection of international comparisons -- Compatability with the National Trust Act 1937: provision to hold covenants as if a neighbour of the covenanted land; covenants can run with the land in perpetuity; covenants are restrictive only, and may not require positive actions; covenants control buildings as well as land; powers conferred on an independent body, not just government bodies; legislation in the USA -- The purposes of covenants: introduction; encroachment by development; farmland support; nature conservation; heritage building preservation; focusing covenants on priority areas |
| 505 2# - FORMATTED CONTENTS NOTE | |
| Formatted contents note | Landowner contributions (and benefits): donations, purchases and acquisitions of covenants; incentives to donate covenants; separation of development rights; flexibility; the impact of covenanting opportunities on landowners and others -- Covenant management by covenant-holders: active management and monitoring; paying for management; enforcement, landowners and neighbours; legal challenges to covenants -- Review, options, advantages and disadvantages: relationship with the land use planning system and development; political acceptability and practicability -- Conclusions and recommendations |
| 520 ## - SUMMARY, ETC. | |
| Summary, etc. | Looks at examples of international conservation covenants and suggests that similar models might work well in the UK. The authors suggest that the government would be able to significantly increase the amount of land being protected in voluntary covenants by offering incentives for their creation that would benefit the public as a whole. |
| 521 ## - TARGET AUDIENCE NOTE | |
| Target audience note | Advanced |
| 590 ## - LOCAL NOTE (RLIN) | |
| Local note | KA |
| 651 #4 - SUBJECT ADDED ENTRY--GEOGRAPHIC NAME | |
| Geographic name | United Kingdom |
| Chronological subdivision | |
| 690 ## - LOCAL SUBJECT ADDED ENTRY--TOPICAL TERM (OCLC, RLIN) | |
| Topical term or geographic name as entry element | Planning and development |
| 9 (RLIN) | 6259 |
| 856 40 - ELECTRONIC LOCATION AND ACCESS | |
| Uniform Resource Identifier | <a href="https://www.nationaltrust.org.uk/main/w-global/w-news/w-latest_news/w-news-conservation_covenants_and_protecting_green_spaces.htm">https://www.nationaltrust.org.uk/main/w-global/w-news/w-latest_news/w-news-conservation_covenants_and_protecting_green_spaces.htm</a> |
| Public note | View the item free of charge online at www.nationaltrust.org.uk... |
| 942 ## - ADDED ENTRY ELEMENTS (KOHA) | |
| Suppress in OPAC | 0 |
| Withdrawn status | Lost status | Source of classification or shelving scheme | Damaged status | Not for loan | Home library | Current library | Shelving location | Date acquired | Total Checkouts | Full call number | Barcode | Date last seen | Copy number | Price effective from | Koha item type |
|---|---|---|---|---|---|---|---|---|---|---|---|---|---|---|---|
| Dewey Decimal Classification | Virtual | Virtual | Online | 16/09/2008 | ONLINE PUBLICATION | 145208-1001 | 06/08/2019 | 1 | 06/08/2019 | Book |